00358nam a2200133Ia 450000500170000000800410001704100080005808200160006610000250008224500540010726000390016130000090020065000150020920250729165757.0250729s2017 xx 000 0 und d akan a372.25 PADS aDr.S.P. Padma prasad aShikshanadalli mahiti mattu samvhana thantrajnana aBangalorebPrakasha Sahithyac2017 a115p aTechnology